000 00866nam a2200253 a 4500
001 000012518
003 DO-SdBNP
005 20240530073914.0
007 ta
008 091113e1998 dr er 001 fdspa d
040 _aDO-SdBNP
_bspa
_cBNPHU
082 4 _aRD863.44
_bM313e
_222
100 1 _aMarcallé Abreu, Roberto
_9862
245 1 0 _aEstas oscuras presencias de todos los días :
_bno te confíes /
_cRoberto Marcallé Abreu ; Cuidado de la edición Tomás Castro
260 _aSanto Domingo :
_bVallejo Hermanos,
_c1998.
300 _a231 p. ;
_c20 cm.
500 _aIncluye datos biográficos del autor en la contracubierta.
590 _aInventariado, 2019/BT
650 0 _aNovela dominicana
_9223
650 0 _aLiteratura dominicana.
_967
700 _aCastro, Tomás,
_d1959-
_924641
910 _aValidado. Control de calidad. EMS
942 _2ddc
_cLBS1
999 _c12173
_d12173